zpět

Detail výsledku týmu

The Pub Praha 2 ST, Praha

Datum a čas kvízu

33.5 Celkem bodů Celkový počet nahraných bodů na tomto kvízu bez doplňovacích otázek.
5. Pořadí na kvízu Konečné umístění týmu na tomto kvízu.

Zaznamenané odpovědi

# Otázka Odpověď Body Výsledky
1. Zaměstnanci věznice Jiřice na... klokany 0
2. Ve kterém evropském městě se n... ve Frankfurtu (nad Mohanem) 0
3. Jak se nazývá společnost, z je... Netflix 1
4. Elektromobil s typovým označen... Ford 0
5. Český reprezentant Alex Král p... Espanyol (Barcelona) 1
6. V tomto tématu budete mít vždy... 12. století 0
7. Bartolomeu Dias obeplouvá mys... 15. století 1
8. Narodil se Marco Polo, proběhl... 13. století 1
9. Založení Petrohradu, podepsání... 18. století 1
10. Počátek islámského letopočtu,... 7. století 1